000 00434 a2200181 4500
005 20260116161138.0
008 260115b |||||||| |||| 00| 0 eng d
020 _a9789394973664
_cRs. 625.00
040 _aMAIN
082 _a823
_bL435W
100 _aLawrence, D H
245 _aWomen in love
260 _bDouble 9 Books
_c2024
_aNew Delhi
300 _a520
650 _aEnglish
650 _aEnglish Novel
942 _cBK
999 _c395122
_d395122